[Event "FIN-chT1A 1819"]
[Site "Finland"]
[Date "2018.09.16"]
[Round "2.3"]
[White "Kivimaki, Kasper"]
[Black "Tammela, Kari"]
[Result "1-0"]
[WhiteElo "1895"]
[BlackElo "2120"]
[PlyCount "45"]
[EventDate "2018.09.15"]
[EventType "team-tourn"]
[EventRounds "7"]
[EventCountry "FIN"]
[SourceTitle "EXT 2020"]
[Source "ChessBase"]
[SourceDate "2019.10.17"]
[SourceVersion "1"]
[SourceVersionDate "2019.10.17"]
[SourceQuality "1"]
[WhiteTeam "Helsinki Passi"]
[BlackTeam "Vaasa VSS"]
[WhiteTeamCountry "FIN"]
[BlackTeamCountry "FIN"]

1. e4 e5 2. Nf3 Nf6 3. Nxe5 d6 4. Nf3 Nxe4 5. d3 Nf6 6. d4 Bg4 7. c4 Nc6 8. Be2 g6 9. Nc3 Bg7 10. 0-0 0-0 11. Be3 Re8 12. Qd2 Qd7 13. Rfe1 a6 14. Rad1 Rab8 15. h3 Bxf3 16. Bxf3 b5 17. b3 b4 18. Nd5 Ne4 19. Bxe4 Rxe4 20. Bh6 Rxd4 21. Qb2 Qe6 22. Bxg7 Rxd1 23. Rxd1 1-0

[Event "FIN-chT1A 1617"]
[Site "Finland"]
[Date "2016.09.17"]
[Round "1.1"]
[White "Varpanen, Jan"]
[Black "Tammela, Kari"]
[Result "0-1"]
[WhiteElo "2114"]
[BlackElo "2143"]
[PlyCount "58"]
[EventDate "2016.09.17"]
[EventType "team-tourn"]
[EventRounds "7"]
[EventCountry "FIN"]
[SourceTitle "EXT 2019"]
[Source "ChessBase"]
[SourceDate "2018.10.10"]
[SourceVersion "1"]
[SourceVersionDate "2018.10.10"]
[SourceQuality "1"]
[WhiteTeam "Helsinki HSK"]
[BlackTeam "Vaasa VSS"]
[WhiteTeamCountry "FIN"]
[BlackTeamCountry "FIN"]

1. d4 Nf6 2. c4 e6 3. Nf3 Bb4+ 4. Nbd2 b6 5. e3 Bb7 6. Bd3 0-0 7. 0-0 d5 8. cxd5 exd5 9. Qa4 Bd6 10. b4 a6 11. a3 Nbd7 12. Qc2 Re8 13. Rb1 Qe7 14. Nb3 Reb8 15. Bb2 Ne4 16. Rfc1 h6 17. Ne5 Ndf6 18. f3 Ng5 19. h4 Ne6 20. Nc6 Bxc6 21. Qxc6 Nd8 22. Qc2 Qxe3+ 23. Kf1 Nh5 24. g4 Ng3+ 25. Kg2 Ne6 26. Re1 Nf4+ 27. Kxg3 Nxd3+ 28. Kg2 Nf4+ 29. Kh2 Qxf3 0-1

[Event "FIN-chT1A 1516"]
[Site "Finland"]
[Date "2015.10.10"]
[Round "3.1"]
[White "Kauranen, Matti"]
[Black "Tammela, Kari"]
[Result "1-0"]
[WhiteElo "2120"]
[BlackElo "2182"]
[PlyCount "117"]
[EventDate "2015.09.12"]
[EventType "team-tourn"]
[EventRounds "8"]
[EventCountry "FIN"]
[SourceTitle "EXT 2017"]
[Source "ChessBase"]
[SourceDate "2016.10.25"]
[SourceVersion "1"]
[SourceVersionDate "2016.10.25"]
[SourceQuality "1"]
[WhiteTeam "Helsinki HSK II"]
[BlackTeam "Vaasa VSS"]
[WhiteTeamCountry "FIN"]
[BlackTeamCountry "FIN"]

1. d4 Nf6 2. c4 e6 3. Nc3 Nc6 4. Nf3 Bb4 5. Qc2 d5 6. Bg5 h6 7. Bxf6 Qxf6 8. e3 0-0 9. a3 Bxc3+ 10. Qxc3 a6 11. Be2 Re8 12. 0-0 dxc4 13. Qxc4 Bd7 14. Rfd1 Red8 15. Rac1 Rac8 16. Qc3 Be8 17. Nd2 e5 18. Ne4 Qh4 19. Bf3 exd4 20. exd4 b6 21. d5 Na7 22. Qe5 Rd7 23. d6 c6 24. g3 Qh3 25. Qf4 f5 26. Nd2 Rcd8 27. Nc4 b5 28. Na5 Rf7 29. Nxc6 Nxc6 30. Bxc6 Bxc6 31. Rxc6 Qh5 32. Rd5 Qe2 33. Rxf5 Rfd7 34. Rd5 Qxb2 35. Rxa6 Rf8 36. Qd4 Qe2 37. Re5 Qa2 38. Re7 Rxe7 39. dxe7 Re8 40. Qe5 Qf7 41. Ra7 Qc4 42. Rc7 Qb3 43. Ra7 Qc4 44. h4 Qc1+ 45. Kh2 Qc6 46. Qf5 Qc4 47. Rd7 Qf7 48. Qxf7+ Kxf7 49. Kg2 Ke6 50. Rb7 Kd6 51. Rxb5 Rxe7 52. a4 Ra7 53. a5 Ke7 54. Kf3 Ra6 55. Ke4 Ra7 56. Kd4 Rd7+ 57. Kc5 Rd2 58. a6 Rxf2 59. a7 1-0

[Event "FIN-chT1A 1516"]
[Site "Finland"]
[Date "2015.09.13"]
[Round "2.1"]
[White "Salokangas, Hannu"]
[Black "Tammela, Kari"]
[Result "1/2-1/2"]
[WhiteElo "2159"]
[BlackElo "2182"]
[PlyCount "89"]
[EventDate "2015.09.12"]
[EventType "team-tourn"]
[EventRounds "8"]
[EventCountry "FIN"]
[SourceTitle "EXT 2017"]
[Source "ChessBase"]
[SourceDate "2016.10.25"]
[SourceVersion "1"]
[SourceVersionDate "2016.10.25"]
[SourceQuality "1"]
[WhiteTeam "Tampere Tammer II"]
[BlackTeam "Vaasa VSS"]
[WhiteTeamCountry "FIN"]
[BlackTeamCountry "FIN"]

1. c4 Nf6 2. g3 c5 3. Nf3 b6 4. Bg2 Bb7 5. 0-0 g6 6. b3 Bg7 7. Bb2 0-0 8. Nc3 d6 9. d4 cxd4 10. Nxd4 Bxg2 11. Kxg2 Qd7 12. e3 Nc6 13. Nxc6 Qxc6+ 14. Qf3 Qxf3+ 15. Kxf3 Nd7 16. Na4 h5 17. Bxg7 Kxg7 18. Rfd1 Rac8 19. Nc3 Rfd8 20. h4 Kf8 21. Ke2 Rc6 22. Nd5 Rc5 23. Rac1 Rdc8 24. Nb4 Nf6 25. Nd3 R5c7 26. f3 Nd7 27. e4 e6 28. Nb2 Ke7 29. Rd2 a5 30. Rcd1 Rc6 31. Na4 f6 32. Nc3 Ne5 33. Nb5 Rd8 34. f4 Nf7 35. Ke3 Rg8 36. Kf3 Rh8 37. Ke3 Rg8 38. Kf3 Ra8 39. Nd4 Rc5 40. Nb5 Rd8 41. Nc3 Rh8 42. Nb5 Rc6 43. Nd4 Rc5 44. Nb5 Rc6 45. Nd4 1/2-1/2

[Event "FIN-chT1 West 1213"]
[Site "Finland"]
[Date "2012.11.17"]
[Round "3.2"]
[White "Vuorisalo, Veli Matti"]
[Black "Tammela, Kari"]
[Result "0-1"]
[WhiteElo "2153"]
[BlackElo "2179"]
[PlyCount "80"]
[EventDate "2012.09.29"]
[EventType "team-tourn"]
[EventRounds "7"]
[EventCountry "FIN"]
[SourceTitle "EXT 2019"]
[Source "ChessBase"]
[SourceDate "2018.10.10"]
[SourceVersion "1"]
[SourceVersionDate "2018.10.10"]
[SourceQuality "1"]
[WhiteTeam "Pori PSY"]
[BlackTeam "Vaasa VSS"]
[WhiteTeamCountry "FIN"]
[BlackTeamCountry "FIN"]

1. c4 e5 2. g3 Nc6 3. Bg2 g6 4. Nc3 Bg7 5. e4 Nd4 6. Nge2 Ne7 7. Nxd4 exd4 8. Ne2 0-0 9. 0-0 d6 10. d3 a5 11. Bg5 h6 12. Bd2 Nc6 13. Nf4 Ne5 14. Qb3 Kh7 15. Ne2 Nd7 16. Qa3 Ra6 17. f4 Nc5 18. Rae1 Bd7 19. f5 g5 20. g4 Be5 21. Rf3 Qa8 22. b3 f6 23. Qb2 b5 24. h4 bxc4 25. bxc4 Rb6 26. Qc1 Rfb8 27. hxg5 fxg5 28. Kf2 Rb1 29. Qxb1 Rxb1 30. Rxb1 Nxe4+ 31. dxe4 Qxe4 32. Rh1 Bc6 33. Bxg5 d3 34. Rxh6+ Kg8 35. Ng1 Bd4+ 36. Kf1 Bc3 37. Rg6+ Kf7 38. Re6 Qxg4 39. Re7+ Kf8 40. Nh3 Bxf3 0-1

[Event "FIN-chT1A 1112"]
[Site "Finland"]
[Date "2011.09.17"]
[Round "1"]
[White "Tammela, Kari"]
[Black "Salimaki, Janne"]
[Result "0-1"]
[WhiteElo "2186"]
[BlackElo "2209"]
[PlyCount "188"]
[EventDate "2011.09.17"]
[EventType "team-tourn"]
[EventRounds "7"]
[EventCountry "FIN"]
[SourceTitle "EXT 2019"]
[Source "ChessBase"]
[SourceDate "2018.10.10"]
[SourceVersion "1"]
[SourceVersionDate "2018.10.10"]
[SourceQuality "1"]
[WhiteTeam "Vaasa VSS"]
[BlackTeam "Espoo MatSK II"]
[WhiteTeamCountry "FIN"]
[BlackTeamCountry "FIN"]

1. Nf3 g6 2. d4 Bg7 3. c4 c5 4. Nc3 cxd4 5. Nxd4 Nc6 6. e3 Nf6 7. Be2 0-0 8. 0-0 d6 9. b3 Bd7 10. Bb2 a6 11. h3 Qa5 12. a3 Rfc8 13. b4 Qd8 14. Rc1 a5 15. b5 Ne5 16. Na4 Be8 17. f4 Ned7 18. Bf3 Qc7 19. b6 Nxb6 20. Nb5 Bxb5 21. cxb5 Nc4 22. Bxf6 Bxf6 23. Bd5 Nxe3 24. Rxc7 Nxd1 25. Rxc8+ Rxc8 26. Rxd1 e6 27. Bb3 d5 28. Kf2 Be7 29. Ra1 Bf6 30. Ra2 Rc1 31. Bc2 Bd4+ 32. Ke2 Rg1 33. Kd3 Bf2 34. Nc3 Rxg2 35. Ne2 Rh2 36. Kd2 Rxh3 37. Bd3 h5 38. Ra1 h4 39. Rf1 Bc5 40. a4 Bb4+ 41. Kc2 b6 42. Nd4 Rh2+ 43. Kb3 Bc5 44. Nf3 Rh3 45. Kc2 Kg7 46. Kd2 Bd6 47. Ke3 Rg3 48. Rh1 Rg4 49. Ne5 Rg3+ 50. Nf3 Bc5+ 51. Ke2 h3 52. Ng5 Rg2+ 53. Kf3 Rf2+ 54. Kg3 Rd2 55. Bf1 h2 56. Rxh2 Rxh2 57. Kxh2 Be3 58. Nh3 Kf6 59. Kg3 e5 60. Kf3 Bc5 61. fxe5+ Kxe5 62. Nf4 Be7 63. Nd3+ Kd4 64. Kf4 f6 65. Be2 Bd6+ 66. Kf3 f5 67. Nf2 g5 68. Nd1 g4+ 69. Kf2 Bf4 70. Nb2 Bd6 71. Nd1 Ke5 72. Kg3 Ke4+ 73. Kf2 d4 74. Nb2 Bc5 75. Nd3 Be7 76. Nb2 Bh4+ 77. Kf1 Be7 78. Bd3+ Kf4 79. Nc4 Bc5 80. Kg2 Kg5 81. Nd2 Bd6 82. Bc4 Kf4 83. Be6 Bb4 84. Nc4 Bc5 85. Nd2 d3 86. Kf1 g3 87. Bd5 Be3 88. Nc4 Bc5 89. Bg2 Bd4 90. Ke1 Kg4 91. Kd2 f4 92. Kxd3 f3 93. Bxf3+ Kxf3 94. Nd2+ Kg4 0-1

[Event "FIN-chT1A 1011"]
[Site "Finland"]
[Date "2011.02.13"]
[Round "8.2"]
[White "Rautanen, Sari"]
[Black "Tammela, Kari"]
[Result "1/2-1/2"]
[WhiteElo "1994"]
[BlackElo "2180"]
[PlyCount "91"]
[EventDate "2010.09.18"]
[EventType "team-tourn"]
[EventRounds "9"]
[EventCountry "FIN"]
[SourceTitle "EXT 2022"]
[Source "ChessBase"]
[SourceDate "2021.10.06"]
[SourceVersion "1"]
[SourceVersionDate "2021.10.06"]
[SourceQuality "1"]
[WhiteTeam "Helsinki I-HSK II"]
[BlackTeam "Vaasa VSS"]
[WhiteTeamCountry "FIN"]
[BlackTeamCountry "FIN"]

1. Nf3 Nf6 2. g3 c5 3. Bg2 Nc6 4. 0-0 d5 5. d3 e6 6. Nbd2 Be7 7. e4 Qc7 8. Re1 0-0 9. e5 Nd7 10. Qe2 b5 11. Nf1 a5 12. Bf4 Ba6 13. h4 Rfc8 14. h5 Qd8 15. h6 g6 16. Qd2 Ra7 17. N1h2 b4 18. Ng4 c4 19. Bg5 cxd3 20. Bxe7 Nxe7 21. cxd3 Rac7 22. Rab1 Rc2 23. Qd1 Nf5 24. Ne3 Nxe3 25. Rxe3 Qc7 26. Re1 Qc5 27. d4 Qf8 28. Bf1 Bxf1 29. Rxf1 Qxh6 30. Qd3 Qf8 31. Kg2 R2c6 32. Rh1 f6 33. exf6 Qxf6 34. Qe3 Rf8 35. Rh6 Rc2 36. Rbh1 Rf7 37. R1h4 Rxb2 38. Rf4 Qe7 39. Rxf7 Qxf7 40. Ng5 Qf5 41. Rxh7 Nf8 42. Rf7 Qxf7 43. Nxf7 Kxf7 44. a3 a4 45. axb4 Rxb4 46. Qd2 1/2-1/2

[Event "FIN-chT1A 1011"]
[Site "Finland"]
[Date "2011.01.22"]
[Round "6.2"]
[White "Tammela, Kari"]
[Black "Von Wright, Aarne"]
[Result "1/2-1/2"]
[WhiteElo "2180"]
[BlackElo "2029"]
[PlyCount "165"]
[EventDate "2010.09.18"]
[EventType "team-tourn"]
[EventRounds "9"]
[EventCountry "FIN"]
[SourceTitle "EXT 2022"]
[Source "ChessBase"]
[SourceDate "2021.10.06"]
[SourceVersion "1"]
[SourceVersionDate "2021.10.06"]
[SourceQuality "1"]
[WhiteTeam "Vaasa VSS"]
[BlackTeam "Jyvaskyla JyS"]
[WhiteTeamCountry "FIN"]
[BlackTeamCountry "FIN"]

1. Nf3 d5 2. e3 e6 3. b3 f5 4. Bb2 Nf6 5. c4 Bd6 6. cxd5 exd5 7. Nd4 0-0 8. f4 Ne4 9. g3 a6 10. Nc3 c5 11. Nf3 Be6 12. Bg2 Nc6 13. 0-0 Qe7 14. Re1 Rad8 15. d3 Nxc3 16. Bxc3 h6 17. Bb2 Qf7 18. Rc1 c4 19. Nd4 Nxd4 20. Bxd4 b5 21. bxc4 dxc4 22. dxc4 Bxc4 23. Qd2 Qe7 24. Qf2 Bb4 25. Red1 Kh8 26. Bf3 Qf7 27. Rc2 Rfe8 28. Bc6 Rf8 29. Bf3 Qg6 30. Qg2 Be7 31. Rcd2 Bf6 32. Kh1 Bxd4 33. Rxd4 Qf6 34. Qd2 Rxd4 35. exd4 Rd8 36. a3 Bd5 37. Bxd5 Rxd5 38. Qe3 Qc6 39. Kg1 Kh7 40. Kf2 Qd6 41. h4 a5 42. h5 b4 43. axb4 axb4 44. Qd3 g6 45. hxg6+ Kxg6 46. Qc4 h5 47. Re1 Kg7 48. Rd1 h4 49. Kg2 hxg3 50. Kxg3 Kf6 51. Qc8 Qd8 52. Qc6+ Rd6 53. Qc5 Qg8+ 54. Kf2 Qa2+ 55. Kg1 Qe6 56. Qe5+ Kf7 57. d5 Qd7 58. Rd3 b3 59. Rxb3 Rxd5 60. Qe3 Rd1+ 61. Kf2 Rd2+ 62. Ke1 Rd1+ 63. Ke2 Rd6 64. Qf3 Rd2+ 65. Ke1 Kf6 66. Qc3+ Rd4 67. Kf1 Kf7 68. Qf3 Rd1+ 69. Kg2 Qd5 70. Rb7+ Ke6 71. Rb6+ Kd7 72. Rb7+ Kc6 73. Qxd5+ Rxd5 74. Re7 Kd6 75. Re3 Rd4 76. Kg3 Re4 77. Ra3 Ke6 78. Ra6+ Kf7 79. Kh4 Rxf4+ 80. Kg5 Rf1 81. Rf6+ Ke7 82. Rxf5 Rxf5+ 83. Kxf5 1/2-1/2

[Event "FIN-chT1C 0607"]
[Site "Finland"]
[Date "2007.03.10"]
[Round "7.1"]
[White "Herranen, Matti"]
[Black "Tammela, Kari"]
[Result "1-0"]
[WhiteElo "2012"]
[BlackElo "2193"]
[PlyCount "57"]
[EventDate "2006.09.16"]
[EventType "team-tourn"]
[EventRounds "7"]
[EventCountry "FIN"]
[SourceTitle "EXT 2009"]
[Source "ChessBase"]
[SourceDate "2008.11.26"]
[SourceVersion "1"]
[SourceVersionDate "2008.11.26"]
[SourceQuality "1"]
[WhiteTeam "Jyvaskyla JyS II"]
[BlackTeam "Vaasa VSS"]
[WhiteTeamCountry "FIN"]
[BlackTeamCountry "FIN"]

1. e4 e5 2. Nf3 Nf6 3. Nxe5 d6 4. Nf3 Nxe4 5. d4 Be7 6. Bd3 Nf6 7. 0-0 Bg4 8. c4 Nc6 9. Be3 0-0 10. a3 d5 11. Nc3 a6 12. Rc1 h6 13. h3 Be6 14. cxd5 Nxd5 15. Qe2 Re8 16. Rfd1 Nxc3 17. Rxc3 Bd5 18. Bb1 Bf6 19. Ne5 Qe7 20. Qc2 g6 21. Rc5 Bxe5 22. dxe5 Be6 23. Qc1 Bb3 24. Re1 h5 25. Bg5 Qf8 26. Qc3 Be6 27. b4 Rac8 28. Bf6 Qh6 29. Be4 1-0

[Event "FIN-chT1C 0304"]
[Site "Finland"]
[Date "2003.11.15"]
[Round "3.1"]
[White "Rantanen, Yrjo A"]
[Black "Tammela, Kari"]
[Result "1-0"]
[WhiteElo "2355"]
[BlackElo "2234"]
[PlyCount "135"]
[EventDate "2003.09.??"]
[EventType "team-tourn"]
[EventRounds "7"]
[EventCountry "FIN"]
[SourceTitle "EXT 2022"]
[Source "ChessBase"]
[SourceDate "2021.10.06"]
[SourceVersion "1"]
[SourceVersionDate "2021.10.06"]
[SourceQuality "1"]
[WhiteTeam "Tampere SY"]
[BlackTeam "Vaasa VSS"]
[WhiteTeamCountry "FIN"]
[BlackTeamCountry "FIN"]

1. d4 Nf6 2. c4 e6 3. Nf3 Bb4+ 4. Nbd2 d5 5. e3 0-0 6. Qc2 b6 7. cxd5 exd5 8. Bd3 Bb7 9. 0-0 Nbd7 10. Ne5 Bd6 11. Nc6 Bxc6 12. Qxc6 Qe7 13. e4 dxe4 14. Nxe4 Nxe4 15. Qxe4 Qxe4 16. Bxe4 Rad8 17. Bc6 Nb8 18. Bf3 Rfe8 19. Be3 g6 20. a3 a5 21. Rfe1 Kg7 22. Rac1 h5 23. h3 f6 24. Kf1 Re7 25. Bd2 Rde8 26. Rxe7+ Rxe7 27. Re1 Rxe1+ 28. Kxe1 Nd7 29. Bc6 Nf8 30. Ke2 Ne6 31. Kd3 Kf7 32. Kc4 Ke7 33. h4 Nd8 34. Be4 Kf7 35. g3 Ne6 36. Kd5 f5 37. Bb1 Ke7 38. Bc2 Kd7 39. Ba4+ Ke7 40. Bb5 Kf7 41. Be8+ Kf6 42. Bd7 Nf8 43. Bg5+ Kf7 44. Kc6 b5 45. Bd8 b4 46. axb4 Bxb4 47. Bxc7 Ke7 48. Bc8 a4 49. d5 a3 50. bxa3 Bxa3 51. d6+ Kf7 52. d7 Nxd7 53. Kxd7 Bc5 54. f3 Bd4 55. Bf4 Bf6 56. Bb7 Bd4 57. Bd5+ Kf6 58. Kd6 Bc3 59. Bg5+ Kg7 60. Ke6 Bd4 61. Bf4 Bf2 62. Be5+ Kh7 63. Kf7 Bb6 64. Bd6 Bd8 65. Kf8 Bf6 66. Bg8+ Kh8 67. Bf4 Bd4 68. Kf7 1-0

[Event "Heart of Finland op 11th"]
[Site "Jyvaskyla"]
[Date "2001.07.22"]
[Round "9"]
[White "Tammela, Kari"]
[Black "Hintikka, Eero"]
[Result "0-1"]
[WhiteElo "2241"]
[BlackElo "2125"]
[PlyCount "57"]
[EventDate "2001.07.??"]
[EventType "swiss"]
[EventRounds "9"]
[EventCountry "FIN"]
[SourceTitle "EXT 2002"]
[Source "ChessBase"]
[SourceDate "2001.11.25"]
[SourceVersion "1"]
[SourceVersionDate "2001.11.25"]
[SourceQuality "1"]

1. Nf3 c5 2. b3 d6 3. d4 cxd4 4. Nxd4 Nf6 5. Bb2 g6 6. e3 Bg7 7. Be2 0-0 8. 0-0 Nc6 9. c4 Re8 10. Nc3 Nxd4 11. exd4 d5 12. Bf3 Be6 13. c5 b6 14. b4 bxc5 15. dxc5 Rb8 16. a3 a5 17. Na2 Qc7 18. Re1 Ng4 19. Bxg7 Qxh2+ 20. Kf1 Kxg7 21. Qd4+ Nf6 22. Nc3 Bd7 23. Qe5 Qh1+ 24. Ke2 Qh4 25. Bxd5 axb4 26. axb4 Rxb4 27. g3 Rb2+ 28. Kf1 Qh2 29. g4 0-1